[Event "GER-ch Women 2020"]
[Site "Magdeburg"]
[Date "2020.08.17"]
[Round "2.6"]
[White "Bluebaum, Johanna"]
[Black "Dietrich, Mareike"]
[Result "1/2-1/2"]
[WhiteElo "2011"]
[BlackElo "1699"]
[Annotator "ChessBase"]
[PlyCount "68"]
[EventDate "2020.08.16"]
[EventType "swiss"]
[EventCountry "GER"]
[SourceTitle "playchess.com"]
[Source "ChessBase"]
[SourceQuality "1"]
[TimeControl "40/5400+30:1800+30"]

1. d4 {[%emt 0:00:00]} Nf6 {[%emt 0:00:00]} 2. c4 {[%emt 0:00:00]} e6 {[%emt 0:00:00]} 3. Nc3 {[%emt 0:00:58]} Bb4 {[%emt 0:00:00]} 4. e3 {[%emt 0:00:04]} b6 {[%emt 0:00:00]} 5. Bd3 {[%emt 0:02:52]} Bb7 {[%emt 0:00:01]} 6. Nf3 {[%emt 0:01:50]} Ne4 {[%emt 0:01:22]} 7. Qc2 {[%emt 0:01:29]} f5 {[%emt 0:00:15]} 8. O-O {[%emt 0:09:30]} Nxc3 {[%emt 0:02:14]} 9. bxc3 {[%emt 0:00:58]} Bxf3 {[%emt 0:00:34]} 10. gxf3 {[%emt 0:17:11]} Bd6 {[%emt 0:01:13]} 11. e4 {[%emt 0:07:23]} Qh4 {[%emt 0:01:59]} 12. e5 {[%emt 0:04:04]} Be7 {[%emt 0:00:06]} 13. d5 {[%emt 0:08:38]} g5 {[%emt 0:08:33]} 14. Kh1 {[%emt 0:03:44]} Rg8 {[%emt 0:22:30]} 15. Rg1 {[%emt 0:02:32]} Kf7 {[%emt 0:10:28]} 16. Be3 {[%emt 0:03:11]} f4 {[%emt 0:06:45]} 17. Bd2 {[%emt 0:04:04]} Na6 {[%emt 0:09:34]} 18. dxe6+ {[%emt 0:04:32]} dxe6 {[%emt 0:01:25]} 19. Rg4 {[%emt 0:02:22]} Qxf2 {[%emt 0:04:04]} 20. Rf1 {[%emt 0:00:13]} Qc5 {[%emt 0:00:02]} 21. Bxh7 {[%emt 0:01:52]} Rg7 {[%emt 0:00:21]} 22. Bxf4 {[%emt 0:05:20]} Rh8 {[%emt 0:02:45]} 23. Be4 {[%emt 0:03:55]} gxf4 {[%emt 0:02:11]} 24. Rxf4+ {[%emt 0:01:21]} Ke8 {[%emt 0:00:11]} 25. Qa4+ {[%emt 0:00:43]} b5 {[%emt 0:02:23]} 26. cxb5 {[%emt 0:01:49]} Qxe5 {[%emt 0:01:42]} 27. bxa6+ {[%emt 0:06:57]} Kd8 {[%emt 0:00:58]} 28. Qd4+ {[%emt 0:01:15]} Bd6 {[%emt 0:00:23]} 29. Qxe5 {[%emt 0:01:24]} Bxe5 {[%emt 0:00:06]} 30. Rg4 {[%emt 0:00:06]} Rxh2+ {[%emt 0:00:52]} 31. Kg1 {[%emt 0:00:04]} Rxa2 {[%emt 0:01:34]} 32. Rd1+ {[%emt 0:00:52]} Ke7 {[%emt 0:01:09]} 33. Rxg7+ {[%emt 0:01:49]} Bxg7 {[%emt 0:00:02]} 34. Bb7 {[%emt 0:00:59]} Bxc3 {[%emt 0:01:58]} 1/2-1/2

[Event "GER-ch Women 2020"]
[Site "Magdeburg"]
[Date "2020.08.17"]
[Round "2.7"]
[White "Rogozenco, Teodora"]
[Black "Schumann, Rabea"]
[Result "1-0"]
[WhiteElo "1979"]
[BlackElo "1871"]
[Annotator "ChessBase"]
[PlyCount "93"]
[EventDate "2020.08.16"]
[EventType "swiss"]
[EventCountry "GER"]
[SourceTitle "playchess.com"]
[Source "ChessBase"]
[SourceQuality "1"]
[TimeControl "40/5400+30:1800+30"]

1. d4 {[%emt 0:00:00]} Nf6 {[%emt 0:00:00]} 2. c4 {[%emt 0:00:00]} g6 {[%emt 0:00:00]} 3. Nc3 {[%emt 0:00:00]} d5 {[%emt 0:00:07]} 4. Bg5 {[%emt 0:00:05]} Bg7 {[%emt 0:02:12]} 5. e3 {[%emt 0:08:14]} c6 {[%emt 0:04:39]} 6. Bd3 {[%emt 0:01:20]} O-O {[%emt 0:00:40]} 7. Nf3 {[%emt 0:08:08]} Bg4 {[%emt 0:06:26]} 8. h3 {[%emt 0:02:17]} Bxf3 {[%emt 0:04:20]} 9. Qxf3 {[%emt 0:00:46]} Qa5 {[%emt 0:02:32]} 10. Bxf6 {[%emt 0:14:39]} Bxf6 {[%emt 0:01:11]} 11. cxd5 {[%emt 0:00:14]} cxd5 {[%emt 0:00:37]} 12. Qxd5 {[%emt 0:01:11]} Qb4 {[%emt 0:00:45]} 13. Qb3 {[%emt 0:08:03]} Nc6 {[%emt 0:16:01]} 14. O-O {[%emt 0:04:54]} e6 15. Qxb4 {[%emt 0:06:17]} Nxb4 {[%emt 0:09:48]} 16. Be4 {[%emt 0:06:26]} Rab8 {[%emt 0:16:32]} 17. Rac1 {[%emt 0:00:30]} a5 18. a3 {[%emt 0:02:17]} Na6 {[%emt 0:02:42]} 19. Nb5 {[%emt 0:03:33]} Rfd8 20. Bf3 Kf8 {[%emt 0:13:26]} 21. Rc4 {[%emt 0:01:06]} Be7 {[%emt 0:04:44]} 22. Ra4 {[%emt 0:06:03]} b6 {[%emt 0:03:49]} 23. b4 {[%emt 0:00:42]} Rdc8 {[%emt 0:02:57]} 24. bxa5 {[%emt 0:04:24]} Rc2 {[%emt 0:01:41]} 25. Rb1 {[%emt 0:05:49]} bxa5 {[%emt 0:02:02]} 26. Rxa5 {[%emt 0:00:41]} Nc7 {[%emt 0:00:52]} 27. Be4 {[%emt 0:01:21]} Rc4 {[%emt 0:00:15]} 28. Bd3 {[%emt 0:01:53]} Rc6 {[%emt 0:00:18]} 29. a4 {[%emt 0:01:54]} Nxb5 {[%emt 0:00:29]} 30. axb5 {[%emt 0:01:51]} Rc3 {[%emt 0:00:33]} 31. Be4 {[%emt 0:00:45]} Bd8 {[%emt 0:00:22]} 32. Ra2 Bb6 33. Bc6 {[%emt 0:01:16]} Bc7 {[%emt 0:02:53]} 34. Rba1 {[%emt 0:02:28]} Rb3 {[%emt 0:01:06]} 35. Kf1 {[%emt 0:00:19]} Bd6 {[%emt 0:01:19]} 36. Ke2 {[%emt 0:02:42]} h6 {[%emt 0:00:51]} 37. Kd1 {[%emt 0:01:43]} g5 {[%emt 0:00:45]} 38. Kc2 {[%emt 0:01:25]} Rb4 {[%emt 0:00:06]} 39. Kc3 {[%emt 0:00:56]} Rc8 {[%emt 0:01:09]} 40. Ra5 {[%emt 0:01:18]} Kg7 {[%emt 0:00:56]} 41. f3 {[%emt 0:06:29]} Kg6 {[%emt 0:08:30]} 42. e4 {[%emt 0:05:52]} f6 {[%emt 0:08:02]} 43. Ra8 {[%emt 0:01:07]} Rxa8 {[%emt 0:03:26]} 44. Rxa8 {[%emt 0:00:08]} Rb1 {[%emt 0:02:13]} 45. e5 {[%emt 0:08:32]} Bb4+ {[%emt 0:00:46]} 46. Kc2 {[%emt 0:00:05]} Rg1 {[%emt 0:01:02]} 47. b6 1-0

[Event "GER-ch Women 2020"]
[Site "Magdeburg"]
[Date "2020.08.17"]
[Round "2.8"]
[White "Mehling, Katharina"]
[Black "Kopylov, Luba"]
[Result "1-0"]
[WhiteElo "1947"]
[BlackElo "2027"]
[Annotator "ChessBase"]
[PlyCount "99"]
[EventDate "2020.08.16"]
[EventType "swiss"]
[EventCountry "GER"]
[SourceTitle "playchess.com"]
[Source "ChessBase"]
[SourceQuality "1"]
[TimeControl "40/5400+30:1800+30"]

1. e4 {[%emt 0:00:00]} c5 {[%emt 0:00:00]} 2. Nf3 {[%emt 0:00:00]} d6 {[%emt 0:00:00]} 3. d4 {[%emt 0:00:00]} cxd4 {[%emt 0:00:00]} 4. Nxd4 {[%emt 0:00:00]} Nf6 {[%emt 0:00:00]} 5. f3 {[%emt 0:00:31]} g6 {[%emt 0:00:16]} 6. c4 {[%emt 0:00:20]} Bg7 {[%emt 0:00:23]} 7. Nc3 {[%emt 0:01:06]} Nc6 {[%emt 0:00:49]} 8. Nc2 {[%emt 0:01:32]} O-O {[%emt 0:03:37]} 9. Be3 {[%emt 0:01:28]} Be6 {[%emt 0:01:07]} 10. Qd2 {[%emt 0:03:43]} Nd7 {[%emt 0:02:08]} 11. Bh6 {[%emt 0:09:24]} Qb6 {[%emt 0:04:54]} 12. Bxg7 {[%emt 0:01:16]} Kxg7 {[%emt 0:00:12]} 13. Ne3 {[%emt 0:01:15]} Qd4 {[%emt 0:13:32]} 14. O-O-O {[%emt 0:06:36]} Qxd2+ {[%emt 0:04:01]} 15. Rxd2 {[%emt 0:00:14]} Rac8 {[%emt 0:05:04]} 16. b3 {[%emt 0:01:52]} a5 {[%emt 0:05:18]} 17. Kb2 {[%emt 0:02:14]} Nc5 {[%emt 0:00:23]} 18. a3 {[%emt 0:02:56]} a4 {[%emt 0:10:15]} 19. b4 {[%emt 0:11:19]} Nb3 {[%emt 0:00:49]} 20. Rd1 {[%emt 0:01:28]} Ra8 {[%emt 0:02:19]} 21. Nb5 Rfc8 {[%emt 0:05:36]} 22. f4 {[%emt 0:27:22]} f6 {[%emt 0:12:02]} 23. Be2 {[%emt 0:04:59]} Bf7 {[%emt 0:10:06]} 24. Nd5 {[%emt 0:02:36]} Ra6 {[%emt 0:09:59]} 25. Ndc3 {[%emt 0:03:25]} Na7 {[%emt 0:02:08]} 26. Nxa7 {[%emt 0:02:08]} Rxa7 {[%emt 0:00:05]} 27. Nxa4 {[%emt 0:01:46]} Rxa4 {[%emt 0:00:10]} 28. Kxb3 {[%emt 0:00:08]} b5 {[%emt 0:00:04]} 29. Rc1 {[%emt 0:00:27]} Rca8 {[%emt 0:03:50]} 30. Ra1 {[%emt 0:00:16]} f5 {[%emt 0:00:12]} 31. exf5 {[%emt 0:00:56]} gxf5 {[%emt 0:00:05]} 32. Rhc1 {[%emt 0:00:51]} Kf6 {[%emt 0:00:29]} 33. Kb2 {[%emt 0:02:13]} bxc4 {[%emt 0:03:31]} 34. Bxc4 {[%emt 0:00:07]} Bxc4 {[%emt 0:00:05]} 35. Rxc4 {[%emt 0:00:04]} e5 {[%emt 0:00:08]} 36. fxe5+ {[%emt 0:01:22]} dxe5 {[%emt 0:00:05]} 37. Kb3 {[%emt 0:02:37]} R4a7 {[%emt 0:01:11]} 38. a4 {[%emt 0:00:49]} e4 {[%emt 0:00:48]} 39. b5 {[%emt 0:00:55]} e3 {[%emt 0:00:46]} 40. Re1 {[%emt 0:03:03]} Re7 {[%emt 0:00:46]} 41. b6 {[%emt 0:32:44]} e2 {[%emt 0:05:16]} 42. Kb4 {[%emt 0:00:00]} Rd8 {[%emt 0:04:04]} 43. a5 {[%emt 0:00:00]} Rd1 {[%emt 0:00:58]} 44. Rc1 {[%emt 0:00:00]} Rd4+ {[%emt 0:20:11]} 45. Kb5 {[%emt 0:00:00]} Re5+ {[%emt 0:01:33]} 46. Rc5 {[%emt 0:00:00]} Ree4 {[%emt 0:01:52]} 47. Ka6 {[%emt 0:00:00]} Rb4 {[%emt 0:00:14]} 48. Rb5 {[%emt 0:00:00]} Kg5 {[%emt 0:01:26]} 49. Rxb4 {[%emt 0:00:00]} Rxb4 {[%emt 0:00:04]} 50. Rxe2 {[%emt 0:00:00]} 1-0

[Event "GER-ch Women 2020"]
[Site "Magdeburg"]
[Date "2020.08.17"]
[Round "2.9"]
[White "Just, Anita"]
[Black "Bardorz, Jana"]
[Result "1-0"]
[WhiteElo "1912"]
[BlackElo "2000"]
[Annotator "TA"]
[PlyCount "185"]
[EventDate "2020.08.16"]
[EventType "swiss"]
[EventCountry "GER"]
[SourceTitle "playchess.com"]
[Source "ChessBase"]
[SourceQuality "1"]

{[%evp 26,185,20,14,11,0,12,-19,-14,-77,0,0,29,44,55,55,50,49,138,39,37,18,20,17,27,14,63,54,63,0,102,53,110,110,106,104,108,77,76,77,76,77,93,85,87,41,41,8,13,0,0,0,0,-1,-1,-8,-7,-8,0,0,0,0,0,0,0,-3,0,0,0,-6,0,-6,-6,-6,0,-7,0,0,0,0,0,0,4,0,5,5,6,5,7,5,7,7,7,7,7,5,42,8,20,5,5,0,20,20,22,22,22,8,8,8,8,8,8,7,8,5,5,5,5,-16,-16,-16,-16,-16,-16,-72,-24,-72,-24,-24,-24,-24,-24,-24,-24,-32,-24,-32,-24,-24,-25,-32,-24,-24,-24,-24,0,0,0,0,0,0,0,0,0,0,29986,29987,29989,29990,29990,29991]} 1. e4 e5 2. Nf3 Nc6 3. Bc4 Nf6 4. Ng5 d5 5. exd5 Na5 6. Bb5+ c6 7. dxc6 bxc6 8. Be2 h6 9. Nf3 e4 10. Ne5 Bd6 11. d4 exd3 12. Nxd3 Qc7 13. h3 O-O 14. O-O Bf5 {C59: Two Knights: 4 Ng5 d5 5 exd5 Na5 5 Bb5+ c6 6 dxc6 bxc6 7 Be2.} 15. Nd2 Rfe8 {[#]} 16. Rb1 $146 ({Predecessor:} 16. Re1 Rad8 17. Nf3 Re7 18. Bxh6 Bxd3 19. Bxd3 Rxe1+ 20. Qxe1 g6 21. Qc3 Be7 22. Rd1 {1-0 (46) Gorska,M-Golinska,P (1088) Szczyrk 2017}) 16... c5 {...c4 is the strong threat.The position is equal.} 17. Bf3 (17. b3 $11) 17... Rad8 ({Black should try} 17... c4 $1 $17 {[%cal Rc4d3]} 18. Nxc4 Nxc4 19. Bxa8 Rxa8) 18. b3 $1 $11 Bxd3 19. cxd3 Bh2+ {[%mdl 64] Discovered Attack} 20. Kh1 Rxd3 21. Qc2 Qd6 {[#]} (21... Rdd8 $14) 22. Nc4 ({Don't blunder} 22. g3 $2 {[#]} Bxg3 $1 {[%mdl 512]} 23. Nc4 (23. fxg3 $2 Qxg3 24. Qxd3 Qxh3+ 25. Kg1 Qg3+ 26. Kh1 Ng4 $19) 23... Nxc4 $19) (22. b4 $1 $16 {[%cal Rb4a5][%mdl 512]} cxb4 23. Qa4) 22... Nxc4 $14 23. Qxc4 {White wants to play Be3.} Be5 24. Be3 Rc3 25. Qa4 Qc7 26. Rbd1 c4 27. Bd2 (27. Bd5 $14) 27... Rd3 (27... Rxf3 $11 28. gxf3 c3) 28. bxc4 Rc8 ({Better is} 28... Rd4 $14) 29. Be2 Rd6 30. Be3 Ne4 {next ...Nc3 is good for Black.} 31. Rxd6 Bxd6 32. Qxa7 Qxa7 33. Bxa7 Ra8 34. Be3 Rxa2 35. Bf3 Nd2 {[%mdl 64] Double Attack} 36. Rd1 (36. Rc1 {feels hotter.} Ba3 37. Rd1 Nxf3 38. gxf3 Rc2 39. Ra1) 36... Nxc4 37. Bd5 Nxe3 38. fxe3 $11 {[%mdl 4096] Endgame KRB-KRB} Ra6 39. Rf1 Ra7 40. Rc1 Kf8 41. Kg1 Ke7 42. Kf2 Kf6 43. Rc2 Ke5 44. Bf3 Ra5 45. Ke2 f6 46. Rc8 Ra2+ 47. Kd1 Ra1+ 48. Kc2 Ra7 49. Re8+ Re7 50. Ra8 Rc7+ 51. Kd3 Kf5 52. Ra4 Be5 53. h4 Ke6 54. Bg4+ Kd6 55. h5 Rc3+ 56. Ke4 Rc2 57. Ra6+ Rc6 58. Ra7 Rc7 59. Ra8 Rc2 60. Bf3 Rc3 61. Ra6+ Ke7 62. Ra7+ Rc7 63. Ra6 Rc3 64. Kf5 Rxe3 65. Ra7+ Kf8 66. Kg6 f5 67. Rf7+ Ke8 68. Bc6+ Kd8 69. Kxf5 Bf6 70. Bf3 Re7 71. Rf8+ Re8 72. Rxf6 gxf6 73. Kxf6 {KR-KB} Rg8 74. Kf7 Rg5 75. Kf6 (75. g4 $11) 75... Kd7 76. Be4 Rxh5 {Hoping for ...Rg5.} 77. Kg6 Rh4 78. Bf5+ Kd6 79. g3 Rh2 80. Bc8 Ke5 81. Bd7 Ke4 82. Bc6+ Ke3 83. Bb7 Kf2 84. g4 Kg3 85. g5 Rb2 {Threatens to win with ...hxg5.} 86. gxh6 Rb6+ 87. Kg7 Rxb7+ {KR-KP} 88. Kg8 Kg4 89. h7 Kg5 {( -> ...Kg6)} 90. h8=Q {White wants to mate with Qe5+.} Kg6 $2 {[%mdl 8192]} (90... Rb8+ $11 91. Kh7 Rxh8+ 92. Kxh8) 91. Qe5 {White mates.} Kh6 92. Qf4+ Kh5 93. Qf3+ {Accuracy: White = 80%, Black = 84%.} 1-0

[Event "GER-ch Women 2020"]
[Site "Magdeburg"]
[Date "2020.08.17"]
[Round "2.10"]
[White "Kuehnel, Lena"]
[Black "Reitz, Theresa"]
[Result "1/2-1/2"]
[WhiteElo "1972"]
[BlackElo "1942"]
[Annotator "NA"]
[PlyCount "72"]
[EventDate "2020.08.16"]
[EventType "swiss"]
[EventCountry "GER"]
[SourceTitle "playchess.com"]
[Source "ChessBase"]
[SourceQuality "1"]
[TimeControl "40/5400+30:1800+30"]

1. e4 {[%emt 0:00:00]} c5 {[%emt 0:00:00]} 2. Nf3 {[%emt 0:00:00]} e6 {[%emt 0:00:00]} 3. d4 {[%emt 0:00:00]} cxd4 {[%emt 0:00:00]} 4. Nxd4 {[%emt 0:00:00]} a6 {[%emt 0:00:06]} 5. Bd3 {[%emt 0:00:55]} Bc5 {[%emt 0:01:55]} 6. Nb3 {[%emt 0:00:45]} Ba7 {[%emt 0:00:09]} 7. O-O {[%emt 0:02:45]} Nc6 {[%emt 0:01:33]} 8. c4 {[%emt 0:03:20]} Nf6 {[%emt 0:01:07]} 9. Qe2 {[%emt 0:02:04] B42: Sicilian: Kan Variation: 5 Bd3.} Ne5 {[%emt 0:01:40]} 10. Nc3 {[%emt 0:05:20]} d6 {[%emt 0:05:26]} 11. Kh1 {[%emt 0:03:45] [#]} Nfg4 $146 {[%emt 0:07:20]} ({Predecessor:} 11... O-O 12. Be3 Bxe3 13. Qxe3 Qc7 14. Rac1 b6 15. f4 Nxd3 16. Qxd3 Bb7 17. Nd4 Rac8 {1-0 (26) Lepot,S (1982)-Peyre,C (1845) Pau 2008}) 12. Bf4 $2 {[%emt 0:24:08]} (12. f4 $1 $11 Nxh2 13. fxe5 Nxf1 14. Qe1) 12... Nxf2+ {[%emt 0:14:38]} 13. Rxf2 {[%emt 0:00:08]} Bxf2 {[%emt 0:00:17]} 14. Bc2 {[%emt 0:04:32]} Ba7 {[%emt 0:03:20]} 15. c5 {[%emt 0:08:20]} Qf6 {[%emt 0:08:16]} (15... f6 $19 16. Rd1 O-O) 16. Rf1 {[%emt 0:01:54]} h5 {[%emt 0:07:25]} ({But not} 16... dxc5 $6 17. Bg3 $11) 17. cxd6 {[%emt 0:04:38]} g5 {[%emt 0:06:46]} 18. Be3 {[%emt 0:07:33]} Qg7 {[%emt 0:01:50]} 19. Bxa7 {[%emt 0:01:45]} Rxa7 {[%emt 0:00:07]} 20. Na4 {[%emt 0:05:04]} Bd7 {[%emt 0:03:00]} 21. Nb6 {[%emt 0:00:32]} Bb5 {[%emt 0:01:59]} 22. Qf2 {[%emt 0:03:13]} Bxf1 {[%emt 0:07:53]} 23. Qxf1 {[%emt 0:00:29]} Nc6 {[%emt 0:07:10]} 24. Nc5 {[%emt 0:05:24]} Qxb2 {[%emt 0:07:05]} 25. Bb3 {[%emt 0:01:05]} Rh6 {[%emt 0:03:28]} 26. d7+ {[%emt 0:03:57]} Ke7 {[%emt 0:04:06]} 27. Nc8+ {[%emt 0:00:24]} Kd8 {[%emt 0:00:30]} 28. Nxa7 {[%emt 0:00:19]} Nxa7 {[%emt 0:00:38]} 29. Nxb7+ {[%emt 0:02:28]} Kxd7 {[%emt 0:00:27]} 30. Qxf7+ {[%emt 0:01:47]} Kc6 {[%emt 0:00:34]} 31. Nd8+ $18 {[%emt 0:03:01] Discovered Attack} Kd6 {[%emt 0:02:00]} 32. Nb7+ {[%emt 0:01:10]} Ke5 {[%emt 0:00:55]} 33. Qg7+ {[%emt 0:01:54]} Rf6 {[%emt 0:00:27]} 34. Qxg5+ {[%emt 0:00:50]} Rf5 {[%emt 0:00:26]} 35. Qg7+ {[%emt 0:01:43]} Kxe4 {[%emt 0:01:35]} 36. Nc5+ {[%emt 0:01:19]} Ke3 {[%emt 0:00:30]} 1/2-1/2

[Event "GER-ch Women 2020"]
[Site "Magdeburg"]
[Date "2020.08.17"]
[Round "2.11"]
[White "Roos, Karin"]
[Black "Zimmer, Elke"]
[Result "0-1"]
[WhiteElo "1772"]
[BlackElo "1952"]
[Annotator "NA"]
[PlyCount "80"]
[EventDate "2020.08.16"]
[EventType "swiss"]
[EventCountry "GER"]
[SourceTitle "playchess.com"]
[Source "ChessBase"]
[SourceQuality "1"]
[TimeControl "40/5400+30:1800+30"]

1. e4 {[%emt 0:00:00]} d6 {[%emt 0:00:00]} 2. d4 {[%emt 0:00:25]} Nf6 {[%emt 0:00:00]} 3. Nc3 {[%emt 0:02:20]} g6 {[%emt 0:00:00]} 4. Be3 {[%emt 0:02:26]} Bg7 {[%emt 0:00:19]} 5. Qd2 {[%emt 0:00:26]} e5 {[%emt 0:01:23] [#]} 6. Bc4 $146 {[%emt 0:01:34] B07: Pirc Defence: Miscellaneous Systems.} ({Predecessor:} 6. dxe5 dxe5 7. Qxd8+ Kxd8 8. Bc4 Be6 9. Bxe6 fxe6 10. Nf3 Nbd7 11. Nd2 Ng4 12. Bg5+ Bf6 13. Bxf6+ Ngxf6 {½-½ (30) Gulko,B (2584)-Perelshteyn,E (2442) Seattle 2003}) 6... exd4 {[%emt 0:00:26]} 7. Bxd4 {[%emt 0:00:08]} Nc6 {[%emt 0:00:20]} 8. Be3 {[%emt 0:01:56]} h5 {[%emt 0:03:24]} 9. f3 {[%emt 0:01:57]} Na5 {[%emt 0:00:50]} 10. Bd3 {[%emt 0:01:56]} Be6 {[%emt 0:00:44]} 11. Nge2 {[%emt 0:01:20]} a6 {[%emt 0:01:15]} 12. Bg5 {[%emt 0:03:49]} Qd7 {[%emt 0:01:35]} (12... Nc4 $14 13. Bxc4 Bxc4) 13. Nf4 {[%emt 0:03:17]} (13. Nd5 $1 $16 {[%cal Rd5f6]} Bxd5 14. exd5 (14. Qxa5 Bc6 $14)) 13... Nc4 $2 {[%emt 0:02:31] [#]} (13... Nc6 $14) 14. Bxc4 $1 {[%emt 0:03:50]} Bxc4 {[%emt 0:00:52]} 15. Qd4 $1 {[%emt 0:00:35] Double Attack} b5 {[%emt 0:02:02]} 16. O-O-O $2 {[%emt 0:01:36]} (16. Ncd5 $18 {is more deadly.} Bxd5 17. Bxf6 (17. exd5 Qf5 $17) 17... Bxf6 18. Qxf6) 16... c5 {[%emt 0:00:57]} 17. Qxd6 $2 {[%emt 0:00:57]} (17. Qd2 $16) 17... Qxd6 {[%emt 0:00:05]} 18. Rxd6 {[%emt 0:00:20]} Nh7 {[%emt 0:00:04]} 19. Nh3 {[%emt 0:15:46]} Be5 $2 {[%emt 0:03:05]} (19... Nxg5 $17 20. Nxg5 Be5) 20. Rdd1 {[%emt 0:06:25]} Nxg5 {[%emt 0:01:33]} 21. Nd5 {[%emt 0:09:57]} Nxh3 {[%emt 0:00:48]} 22. gxh3 {[%emt 0:00:17]} Bxd5 {[%emt 0:02:28]} 23. Rxd5 {[%emt 0:00:19]} Bd4 {[%emt 0:00:10]} 24. c3 {[%emt 0:05:20]} Be3+ {[%emt 0:00:19]} 25. Kc2 {[%emt 0:00:16]} Rd8 {[%emt 0:00:24]} 26. Re1 {[%emt 0:03:27]} Bf4 {[%emt 0:00:35]} 27. Rxc5 {[%emt 0:01:18]} Rd2+ {[%emt 0:00:32]} 28. Kb3 {[%emt 0:00:25]} O-O {[%emt 0:00:27]} 29. Rc6 {[%emt 0:04:08]} Ra8 {[%emt 0:06:46]} 30. e5 {[%emt 0:01:50]} a5 {[%emt 0:04:19]} 31. Re4 {[%emt 0:00:40]} Bxh2 {[%emt 0:01:26]} 32. f4 {[%emt 0:02:30]} a4+ {[%emt 0:00:39]} 33. Ka3 {[%emt 0:00:12]} Bg1 {[%emt 0:03:23]} 34. e6 {[%emt 0:01:46]} f5 {[%emt 0:22:18]} 35. Re5 {[%emt 0:07:14]} Rb8 {[%emt 0:04:38]} 36. e7 {[%emt 0:02:36]} Kf7 {[%emt 0:00:10]} 37. Ree6 $19 {[%emt 0:02:01]} (37. e8=R $142 Rxe8 38. Rc7+ Kf8 39. Rxb5) 37... Bc5+ {[%emt 0:02:24]} 38. b4 {[%emt 0:00:43]} Bxe7 {[%emt 0:00:27]} 39. Rxg6 {[%emt 0:01:18]} Rg8 {[%emt 0:03:55]} 40. Rh6 {[%emt 0:05:02]} Rgg2 {[%emt 0:01:08]} 0-1

[Event "GER-ch Women 2020"]
[Site "Magdeburg"]
[Date "2020.08.18"]
[Round "3.1"]
[White "Voicu-Jagodzinsky, Carmen"]
[Black "Burchardt, Brigitte"]
[Result "1/2-1/2"]
[WhiteElo "2244"]
[BlackElo "2091"]
[Annotator "TA"]
[PlyCount "53"]
[EventDate "2020.08.16"]
[EventType "swiss"]
[EventCountry "GER"]
[SourceTitle "playchess.com"]
[Source "ChessBase"]
[SourceQuality "1"]

{[%evp 14,53,9,-7,8,6,0,3,8,6,6,2,7,0,38,39,35,16,28,11,14,12,2,0,20,6,20,8,0,0,7,0,6,0,0,0,0,0,5,-9,0,0]} 1. Nf3 d5 2. c4 e6 3. b3 Nf6 4. Bb2 Be7 5. g3 O-O 6. Bg2 a5 7. O-O {7.Nc3 is the fancy move.} a4 8. d3 axb3 {A14: English Opening: 1...e6 with b3 by White.} 9. axb3 Rxa1 10. Bxa1 b6 11. Nc3 Bb7 {[#]} 12. Qc2 $146 ({Predecessor:} 12. Qb1 Nbd7 13. Rd1 Qa8 14. Nb5 c6 15. Nbd4 Rc8 16. Rd2 Qb8 17. Ra2 Qc7 18. Qb2 {½-½ (67) Melamedoff,G (2048)-Schulz,W (2015) Winnipeg 2011}) 12... Na6 13. Na2 Nb4 14. Nxb4 Bxb4 15. Ne5 Re8 16. Rd1 Bf8 {The position is equal.} 17. Bb2 c5 18. d4 Qb8 19. cxd5 exd5 20. e3 cxd4 21. exd4 Bd6 22. Qf5 Qc8 23. Qd3 Ba6 24. Qb1 Bb7 25. Qd3 Ba6 26. Qb1 Bb7 27. Qd3 {Accuracy: White = 100%, Black = 93%.} 1/2-1/2

[Event "GER-ch Women 2020"]
[Site "Magdeburg"]
[Date "2020.08.18"]
[Round "3.2"]
[White "Bashylina, Luisa"]
[Black "Vidonyak, Nellya"]
[Result "1-0"]
[WhiteElo "1975"]
[BlackElo "2136"]
[Annotator "TA"]
[PlyCount "75"]
[EventDate "2020.08.16"]
[EventType "swiss"]
[EventCountry "GER"]
[SourceTitle "playchess.com"]
[Source "ChessBase"]
[SourceQuality "1"]

{[%evp 9,75,64,94,89,98,104,111,116,115,129,112,110,136,106,93,95,81,50,97,89,157,144,188,206,332,256,260,168,264,72,324,320,511,411,757,755,935,936,921,484,1254,1085,1256,1657,1216,1246,733,1126,961,616,610,600,554,473,582,574,547,504,480,430,406,414,386,374,29995,29996,29996,29997]} 1. e4 d5 2. exd5 Qxd5 3. Nc3 Qd8 4. d4 g6 5. Nf3 Nh6 6. Bf4 {B01: Scandinavian Defence.} Bg7 7. Qd2 Nf5 {[#]} 8. O-O-O $1 {White is better.} a6 {[#]} 9. g4 $146 ({Predecessor:} 9. h4 h6 10. Be5 Bxe5 11. dxe5 Qxd2+ 12. Rxd2 c6 13. Bd3 Be6 14. Bxf5 Bxf5 15. Nd4 {0-1 (57) Van Foreest,J (2682)-Timofeev,A (2580) chess.com INT 2020}) 9... Nd6 10. Rg1 h5 11. gxh5 Rxh5 12. Ne5 $36 {[%mdl 2048] White has strong initiative.} Bf5 13. Be2 Rh8 14. Bf3 e6 (14... c6 $142) 15. h4 Nd7 {[#]} 16. h5 $1 {[%mdl 512]} Nf8 (16... g5 $142 17. Bxg5 Bf6) (16... gxh5 17. Rxg7) 17. Qe2 Qe7 18. Nc4 Bf6 (18... Bh6 {keeps fighting.}) 19. d5 $2 (19. Na5 $18) 19... Nxc4 $4 {[%mdl 8192] Loses the game.} (19... e5 $16 {was necessary.} 20. Nxe5 (20. Bxe5 Bxe5 21. Qxe5 Qxe5 $14) 20... O-O-O) 20. Qxc4 $18 Nd7 (20... e5 $142 21. Be3 Qd7) 21. Qxc7 Bxc3 (21... e5 $142 22. Be3 (22. Qxb7 Rb8 $17) 22... e4) 22. Qxc3 e5 23. d6 Qf6 24. Bxb7 {Threatens to win with Bg5.} Rb8 (24... exf4 $142 25. Qxf6 Nxf6 26. Bxa8 Rxh5 27. Rge1+ Be6) 25. Bc6 {Black must now prevent Bxe5.} Rxh5 26. Bxe5 {White threatens Bxd7+ and mate.} Qh4 27. Rge1 {Bg7+ would kill now.} Kf8 28. Rh1 Qg4 29. Rxh5 gxh5 30. Bd4 Rc8 31. Be3 {White wants to mate with Qh8+.} Kg8 32. f3 Qh4 33. Rg1+ Bg6 {If only Black now had time for ...Kh7....} 34. Qb3 Rxc6 35. Rxg6+ $1 Kh8 {[%cal Rh4e1]} 36. Rg1 Qh2 $2 (36... Qc4 $18 37. Qxc4 Rxc4) 37. Bd4+ Ne5 38. Qb8+ {Accuracy: White = 62%, Black = 36%.} 1-0